[Event "Swiss System, Round 1"]
[Site "SchemingMind.com"]
[Date "2012.08.10"]
[Round "1"]
[White "Mel-o-rama"]
[Black "e_safarz"]
[Result "0-1"]
[WhiteCountry "USA"]
[BlackCountry "CAN"]
[WhiteElo "1866"]
[WhiteRD "99"]
[BlackElo "2451"]
[BlackRD "74"]
[GameID "315801"]

1. e4 e5 2. Nf3 Nc6 3. Bc4 Nf6 4. d3 Bc5 5. Nc3 d6 6. Bg5 h6 7. Bxf6 Qxf6 8. Nd5 Qd8 9. c3 Ne7 10. d4 exd4
11. cxd4 Nxd5 12. dxc5 Nf4 13. O-O dxc5 14. Qxd8+ Kxd8 15. Bxf7 Ke7 16. Bc4 Be6 17. Nd2 Rhd8 18. Rfd1 Rxd2 19. Rxd2 Bxc4 20. Rc2 b5
21. b3 Ne2+ 22. Kh1 Nd4 23. Rc3 Be2 24. Rxc5 c6 25. f3 a5 26. Rb1 a4 27. b4 Bc4 28. a3 Ne6 29. Rh5 Rd8 30. Rh4 Rd2
31. f4 Bd3 32. g3 Bxe4+
0-1

[Event "Swiss System, Round 1"]
[Site "SchemingMind.com"]
[Date "2012.08.10"]
[Round "1"]
[White "Ilang"]
[Black "Greg Magne"]
[Result "1-0"]
[WhiteCountry "HUN"]
[BlackCountry "CAN"]
[WhiteElo "2426"]
[WhiteRD "70"]
[BlackElo "1818"]
[BlackRD "88"]
[GameID "315802"]

1. e4 c5 2. Nf3 d6 3. d4 cxd4 4. Nxd4 Nf6 5. Nc3 a6 6. Be3 e5 7. Nb3 Be6 8. Qd2 Nc6 9. O-O-O Be7 10. f3 O-O
11. g4 b5 12. Kb1 Qc7 13. h4 Rfd8 14. Nd5 Bxd5 15. exd5 Nb8 16. h5 Nbd7 17. g5 Ne8 18. Na5 Bf8 19. Nc6 Rdc8 20. Bh3 a5
21. Qd3 b4 22. g6 fxg6 23. Be6+
1-0

[Event "Swiss System, Round 1"]
[Site "SchemingMind.com"]
[Date "2012.08.11"]
[Round "1"]
[White "Andreas Flato"]
[Black "John Galvin"]
[Result "0-1"]
[WhiteCountry "GER"]
[BlackCountry "USA"]
[WhiteElo "1837"]
[WhiteRD "86"]
[BlackElo "2329"]
[BlackRD "66"]
[GameID "315803"]

1. e4 c5 2. a3 Nc6 3. b4 e6 4. Bb2 cxb4 5. axb4 Nxb4 6. Nf3 Nf6 7. e5 Nfd5 8. Ra4 Be7 9. c3 Nc6 10. d4 O-O
11. Bd3 Nf4 12. O-O Nxd3 13. Qxd3 a5 14. Na3 b6 15. Rb1 Ba6 16. c4 Nb4 17. Qe4 Rc8 18. d5 exd5
0-1

[Event "Swiss System, Round 1"]
[Site "SchemingMind.com"]
[Date "2012.08.10"]
[Round "1"]
[White "Jari Laine"]
[Black "Daryl Fouard"]
[Result "1-0"]
[WhiteCountry "FIN"]
[BlackCountry "USA"]
[WhiteElo "2378"]
[WhiteRD "73"]
[BlackElo "1858"]
[BlackRD "84"]
[GameID "315804"]

1. e4 c5 2. Nc3 a6 3. g3 b5 4. Bg2 Bb7 5. d3 g6 6. Be3 d6 7. Qd2 Bg7 8. Nge2 Nc6 9. O-O Nd4 10. Rab1 e6
11. b4 Nxe2+ 12. Nxe2 cxb4 13. Qxb4 Rc8 14. a4 Rxc2 15. Nd4 Rc8 16. axb5 axb5 17. Qxb5+
1-0

[Event "Swiss System, Round 1"]
[Site "SchemingMind.com"]
[Date "2012.08.10"]
[Round "1"]
[White "Wolli"]
[Black "Uzi Mike"]
[Result "0-1"]
[WhiteCountry "GER"]
[BlackCountry "USA"]
[WhiteElo "1782"]
[WhiteRD "111"]
[BlackElo "2337"]
[BlackRD "83"]
[GameID "315805"]

1. c4 e6 2. g3 d5 3. Bg2 Nf6 4. Nf3 dxc4 5. Qa4+ c6 6. Qxc4 b5 7. Qc2 Bb7 8. O-O c5 9. d3 Be7 10. Bf4 O-O
11. Nbd2 Nc6 12. a3 Nd5 13. Be3 Rc8 14. b3 Qb6 15. Bg5 Nd4 16. Qd1 Bxg5 17. Nxd4 cxd4
0-1

[Event "Swiss System, Round 1"]
[Site "SchemingMind.com"]
[Date "2012.08.15"]
[Round "1"]
[White "Clive Everill"]
[Black "AussieMossie"]
[Result "0-1"]
[WhiteCountry "CZE"]
[BlackCountry "AUS"]
[WhiteElo "1729"]
[WhiteRD "55"]
[BlackElo "2323"]
[BlackRD "103"]
[GameID "315807"]

1. e4 c5 2. Nc3 Nc6 3. Nge2 e5 4. Nd5 Nf6 5. Nec3 Be7 6. Bc4 O-O 7. O-O d6 8. d3 Be6 9. f4 exf4 10. Bxf4 h6
11. Qd2 Ne5 12. Nxf6+ Bxf6 13. Bxe6 fxe6 14. Bxh6 gxh6 15. Qxh6 Qe7 16. Rab1 Ng4 17. Qg6+ Qg7 18. Qxg7+ Kxg7 19. Nb5 Be5 20. g3 Rxf1+
21. Rxf1 Rh8 22. c3 Rxh2 23. d4 Bxg3 24. Nxa7 Nf2 25. Rxf2 Rxf2 26. dxc5 dxc5 27. Nb5 Rxb2 28. Na3 Rxa2 29. Nc4 b5 30. Nb6 c4
31. Nd7 b4 32. cxb4 c3
0-1

[Event "Swiss System, Round 1"]
[Site "SchemingMind.com"]
[Date "2012.08.13"]
[Round "1"]
[White "eraymond"]
[Black "guyhayton"]
[Result "1-0"]
[WhiteCountry "CAN"]
[BlackCountry "ENG"]
[WhiteElo "2385"]
[WhiteRD "85"]
[BlackElo "1811"]
[BlackRD "97"]
[GameID "315808"]

1. e4 c5 2. Nc3 d6 3. Nf3 Nf6 4. d4 cxd4 5. Nxd4 a6 6. Bd3 e5 7. Nb3 Be7 8. O-O O-O 9. Be3 b5 10. a4 b4
11. Ne2 Qc7 12. Ng3 g6 13. Qd2 Nc6 14. h3 Be6 15. Qe2 a5 16. Qf3 Rfc8 17. Rfd1 h5 18. Rac1 Ng4 19. Bd2 Nf6 20. Bb5 d5
21. exd5 Bxd5 22. Qe2 h4 23. Nf1 Ne4 24. Bh6 Nf6 25. Ne3 Bxb3 26. cxb3 Nd4 27. Qe1 Qxc1 28. Rxc1 Rd8 29. Ng4 Nxg4 30. hxg4 Bf6
31. Bc4 Ra7 32. Qe4 Kh7 33. Be3 Rc7 34. g5 Bg7 35. Qxh4+ Kg8 36. Qe4 Rcd7 37. Re1
1-0

[Event "Swiss System, Round 1"]
[Site "SchemingMind.com"]
[Date "2012.08.10"]
[Round "1"]
[White "Archon"]
[Black "Till Plewe"]
[Result "0-1"]
[WhiteCountry "CAN"]
[BlackCountry "JPN"]
[WhiteElo "1680"]
[WhiteRD "56"]
[BlackElo "2340"]
[BlackRD "78"]
[GameID "315809"]

1. Nf3 f5 2. d4 Nf6 3. g3 g6 4. Bg2 Bg7 5. b3 O-O 6. Bb2 d6 7. O-O Qe8 8. c4 Na6 9. Qc2 Rb8 10. Nbd2 b5
11. a3 c6 12. b4 Nc7 13. Rac1 Bd7 14. cxb5 Rxb5 15. Nb3 Ncd5 16. Na5 f4 17. Nxc6 Bh6 18. Na5 fxg3 19. fxg3 Ne3 20. Qc3 Nfd5
21. Qb3 Be6 22. Qd3 Nxg2 23. Kxg2 Ne3+ 24. Kg1 Rh5 25. Rc7 Nxf1 26. Kxf1 Bd5
0-1

[Event "Swiss System, Round 1"]
[Site "SchemingMind.com"]
[Date "2012.08.10"]
[Round "1"]
[White "SwirlingEddie"]
[Black "Erik Johnson"]
[Result "1-0"]
[WhiteCountry "USA"]
[BlackCountry "USA"]
[WhiteElo "2228"]
[WhiteRD "104"]
[BlackElo "1713"]
[BlackRD "71"]
[GameID "315810"]

1. e4 d5 2. exd5 Qxd5 3. Nc3 Qa5 4. d4 c6 5. Nf3 Bg4 6. h3 Bh5 7. g4 Bg6 8. Ne5 Nf6 9. h4 Be4 10. Nc4 Qd8
11. Nxe4 Nxe4 12. c3 b5 13. Ne5 Nd7 14. Bg2 f6 15. Nxc6 Nxf2 16. Kxf2 Qc7 17. Nxe7 Rd8 18. Nc6 Rc8 19. Re1+ Kf7 20. Qb3+
1-0

[Event "Swiss System, Round 1"]
[Site "SchemingMind.com"]
[Date "2012.08.13"]
[Round "1"]
[White "Michael Christensen"]
[Black "Robert Pallett"]
[Result "0-1"]
[WhiteCountry "GER"]
[BlackCountry "ENG"]
[WhiteElo "1718"]
[WhiteRD "110"]
[BlackElo "2262"]
[BlackRD "105"]
[GameID "315811"]

1. f4 d5 2. Nf3 g6 3. e3 Bg7 4. Be2 c5 5. O-O Nc6 6. d3 Nf6 7. c3 O-O 8. Qe1 Re8 9. Nbd2 e5 10. Nh4 exf4
11. exf4 Qe7 12. Rf2 Ng4 13. Nhf3 Nxf2 14. Kxf2 d4 15. Ne4 c4
0-1

[Event "Swiss System, Round 1"]
[Site "SchemingMind.com"]
[Date "2012.08.11"]
[Round "1"]
[White "Aadsje"]
[Black "jbgood"]
[Result "1-0"]
[WhiteCountry "NED"]
[BlackCountry "CAN"]
[WhiteElo "2206"]
[WhiteRD "64"]
[BlackElo "1755"]
[BlackRD "92"]
[GameID "315812"]

1. e4 e5 2. Nf3 Nf6 3. Nxe5 Nxe4 4. Qe2 d5 5. d3 Qf6 6. Nf3 Bc5 7. dxe4 O-O 8. Nc3 Bb4 9. Bd2 dxe4 10. Qxe4 Nc6
11. Bd3 g6 12. O-O-O Be6 13. Kb1 Rfe8 14. Bc4 Bh3 15. Nd5 Rxe4 16. Nxf6+ Kg7 17. Nxe4 Bxg2 18. Bxb4 Bxf3 19. Rd7 Ne5 20. Bc3 Bxh1
21. Bxe5+ Kh6 22. Bf4+ Kh5 23. Be2+ Kh4 24. Bg3+ Kh3 25. Ng5+ Kg2 26. Bf3+
1-0

[Event "Swiss System, Round 1"]
[Site "SchemingMind.com"]
[Date "2012.08.15"]
[Round "1"]
[White "staunton64"]
[Black "Munny"]
[Result "0-1"]
[WhiteCountry "FRA"]
[BlackCountry "GER"]
[WhiteElo "1655"]
[WhiteRD "112"]
[BlackElo "2260"]
[BlackRD "76"]
[GameID "315813"]

1. e4 c5 2. Nc3 Nc6 3. f4 g6 4. Nf3 Bg7 5. Bb5 Nd4 6. O-O Nxb5 7. Nxb5 d5 8. d3 d4 9. Na3 Nf6 10. Nc4 O-O
11. Qe1 Qc7 12. Qg3 Nh5 13. Qf2 Nxf4 14. Ng5 Nh5 15. a4 f6 16. Nf3 e5 17. Bd2 b6 18. Rae1 Bg4 19. h3 Be6 20. Re2 Bxc4
21. dxc4 Rae8 22. Qe1 Qd7 23. Ref2 Ng3 24. Nxe5 Rxe5
0-1

[Event "Swiss System, Round 1"]
[Site "SchemingMind.com"]
[Date "2012.08.10"]
[Round "1"]
[White "rookie31"]
[Black "Odinson"]
[Result "1-0"]
[WhiteCountry "IND"]
[BlackCountry "USA"]
[WhiteElo "2203"]
[WhiteRD "58"]
[BlackElo "1660"]
[BlackRD "77"]
[GameID "315814"]

1. d4 f5 2. Nf3 g6 3. g3 Bg7 4. Bg2 Nf6 5. c4 O-O 6. O-O d6 7. Nc3 c6 8. Bf4 Nbd7 9. Qd2 Qe8 10. Rfd1 e5
11. dxe5 dxe5 12. Bh6 f4 13. Bxg7 Kxg7 14. gxf4 exf4 15. Qxf4 Nd5 16. Qd4+ N5f6 17. Rd2 Nb6 18. Ng5 h6 19. Nge4 Bf5 20. Nd6 Qb8
21. Rad1 Kh7 22. Qe3 Ng4 23. Qe7+ Kg8 24. Nxf5 gxf5 25. Rd7 Nxd7 26. Rxd7 Qxh2+ 27. Kf1 Ne3+ 28. fxe3
1-0

[Event "Swiss System, Round 1"]
[Site "SchemingMind.com"]
[Date "2012.08.10"]
[Round "1"]
[White "gavrilo2"]
[Black "littleboo"]
[Result "0-1"]
[WhiteCountry "IRL"]
[BlackCountry "USA"]
[WhiteElo "1747"]
[WhiteRD "101"]
[BlackElo "2199"]
[BlackRD "76"]
[GameID "315815"]

1. e4 c5 2. Nf3 Nc6 3. d4 cxd4 4. Nxd4 d5 5. Bb5 dxe4 6. Nxc6 Qxd1+ 7. Kxd1 a6 8. Ba4 Bd7 9. Nc3 Bxc6 10. Bxc6+ bxc6
11. Nxe4 e5 12. Ke2 f5 13. Nc3 Nf6 14. Re1 O-O-O 15. Kf1 Bd6 16. Bg5 e4 17. Bxf6 gxf6 18. h3 Bb4 19. Re3 Rhe8 20. a3 Bd6
21. Rae1 Bf4 22. R3e2 Bd2 23. Rb1 Bxc3 24. bxc3 Kc7 25. Kg1 f4 26. Ree1 Rd2 27. f3 f5 28. Rb4 Rg8 29. Rbxe4 Rgxg2+ 30. Kh1 fxe4
31. Rxe4 Rh2+ 32. Kg1 Rdg2+ 33. Kf1 Rxc2 34. Kg1 Rhd2 35. Re7+ Kd6 36. Re1 Rg2+ 37. Kh1 Rh2+ 38. Kg1 Rxh3
0-1

[Event "Swiss System, Round 1"]
[Site "SchemingMind.com"]
[Date "2012.08.10"]
[Round "1"]
[White "Will Grummitt"]
[Black "Lanaroon"]
[Result "1-0"]
[WhiteCountry "ENG"]
[BlackCountry "ENG"]
[WhiteElo "2119"]
[WhiteRD "77"]
[BlackElo "1609"]
[BlackRD "95"]
[GameID "315816"]

1. e4 e5 2. Nf3 Nc6 3. Bc4 Bc5 4. b4 Bxb4 5. c3 Ba5 6. d4 exd4 7. O-O Nge7 8. Ng5 d5 9. exd5 Ne5 10. Bb3 O-O
11. Nxh7 Kxh7 12. Qh5+ Kg8 13. Qxe5 Bxc3 14. Nxc3 dxc3 15. Ba3 c2 16. Bxe7 Re8 17. Rfe1 Rxe7 18. Qxe7 Qxe7 19. Rxe7 Bf5 20. Rxc7 b5
21. Bxc2 Bxc2 22. Rxc2 a5 23. d6 Rd8 24. Rd1
1-0

[Event "Swiss System, Round 1"]
[Site "SchemingMind.com"]
[Date "2012.08.10"]
[Round "1"]
[White "Phillip Beckett"]
[Black "David Carter"]
[Result "1/2-1/2"]
[WhiteCountry "ENG"]
[BlackCountry "USA"]
[WhiteElo "1618"]
[WhiteRD "48"]
[BlackElo "2076"]
[BlackRD "106"]
[GameID "315817"]

1. c4 e6 2. Nc3 d5 3. d4 c6 4. Nf3 dxc4 5. a4 Bb4 6. e3 b5 7. Bd2 a5 8. axb5 Bxc3 9. Bxc3 cxb5 10. b3 Bb7
11. bxc4 b4 12. Bb2 Nf6 13. Bd3 Nbd7 14. O-O O-O 15. Nd2 e5 16. Bc2 Qc7 17. Ba4 Nb6 18. Bb5 Rfd8 19. Qb3 Bc6 20. Rfc1 exd4
21. Bxd4 Rdc8 22. Qd1 Rd8 23. c5 Nbd5 24. Qa4 Ng4 25. g3 Ne7 26. Nc4 Bxb5 27. Qxb5 Nc6 28. Rd1 Qd7 29. Nb6 Qf5 30. Rf1 Nce5
31. Bxe5 Nxe5 32. Nxa8 Nf3+=
1/2-1/2

[Event "Swiss System, Round 1"]
[Site "SchemingMind.com"]
[Date "2012.08.11"]
[Round "1"]
[White "Marco_M"]
[Black "OneNightInBangkok"]
[Result "1-0"]
[WhiteCountry "ITA"]
[BlackCountry "USA"]
[WhiteElo "2166"]
[WhiteRD "104"]
[BlackElo "1478"]
[BlackRD "87"]
[GameID "315818"]

1. d4 Nf6 2. c4 g6 3. Nc3 d6 4. e4 Bg7 5. f3 O-O 6. Be3 c5 7. dxc5 dxc5 8. Qxd8 Rxd8 9. Bxc5 Nc6 10. Nd5 e6
11. Nxf6+ Bxf6 12. Rb1 b6 13. Ba3 Bd4 14. Nh3 Ne5 15. Nf2 Ba6 16. Rc1 Rac8 17. b3 Bxf2+ 18. Kxf2 Rd2+ 19. Kg3 Rxa2 20. Bb4 Nc6
21. Bc3 Rd8 22. b4 Bb7 23. b5 Nd4 24. Bd3 Ne2+ 25. Bxe2 Rxe2 26. Rhd1 Rxd1 27. Rxd1 Re3 28. Rd8#
1-0

[Event "Swiss System, Round 1"]
[Site "SchemingMind.com"]
[Date "2012.08.10"]
[Round "1"]
[White "Haratta"]
[Black "BehemothTheCat"]
[Result "0-1"]
[WhiteCountry "SWE"]
[BlackCountry "USA"]
[WhiteElo "1586"]
[WhiteRD "90"]
[BlackElo "2058"]
[BlackRD "108"]
[GameID "315819"]

1. e4 c5 2. Nf3 e6 3. d4 cxd4 4. Nxd4 Nc6 5. Nxc6 bxc6 6. Bd3 Ba6 7. Bxa6 Qa5+ 8. Bd2 Qxa6 9. Nc3 Bc5 10. Qe2 Qxe2+
11. Nxe2 Nf6 12. Ng3 d5 13. exd5 cxd5 14. O-O O-O 15. Rfe1 Rfc8 16. c3 Nd7 17. Be3 Bd6 18. Rac1 a6 19. Ne2 Rab8 20. b3 Kf8
21. Ba7 Rb7 22. Bd4 Rbc7 23. Be3 Nc5 24. Nd4 Nd3 25. Rcd1 Nxe1 26. Rxe1 Rxc3 27. Nf3 Rc2 28. a4 e5 29. h3 f6 30. Rd1 d4
31. Bd2 Kf7 32. b4 Ra2 33. a5 Rb2
0-1

[Event "Swiss System, Round 1"]
[Site "SchemingMind.com"]
[Date "2012.08.10"]
[Round "1"]
[White "Diadoco"]
[Black "jpetric"]
[Result "1-0"]
[WhiteCountry "MEX"]
[BlackCountry "USA"]
[WhiteElo "2063"]
[WhiteRD "106"]
[BlackElo "1558"]
[BlackRD "86"]
[GameID "315820"]

1. e4 d5 2. exd5 Qxd5 3. Nc3 Qe6+ 4. Be2 b6 5. Nf3 Bb7 6. O-O g6 7. Re1 Qd6 8. d4 Bh6 9. Ne5 Qf6 10. Ng4 Qg7
11. Nxh6 Nxh6 12. Bf4 c6 13. Bf3 e6 14. Be5 f6 15. Bxb8 Rxb8 16. Rxe6+ Kd7 17. d5 Rbe8 18. Rxe8 Kxe8 19. dxc6 Bc8 20. Qd2 Qc7
21. Qxh6 Kf7 22. Re1 Bf5 23. Bd5+ Be6 24. Rxe6
1-0

[Event "Swiss System, Round 1"]
[Site "SchemingMind.com"]
[Date "2012.08.15"]
[Round "1"]
[White "lemme howdt"]
[Black "Coretismo"]
[Result "0-1"]
[WhiteCountry "USA"]
[BlackCountry "ENG"]
[WhiteElo "1615"]
[WhiteRD "78"]
[BlackElo "2027"]
[BlackRD "84"]
[GameID "315821"]

1. e4 e5 2. Nf3 Nc6 3. Bc4 Nf6 4. Ng5 d5 5. exd5 Na5 6. Bb5+ c6 7. dxc6 bxc6 8. Be2 h6 9. Nf3 e4 10. Ne5 Bd6
11. f4 Qb6 12. Nc3 O-O 13. d4 exd3 14. Qxd3 Qc7 15. Qg3 Re8 16. O-O Bf5 17. a3 Bxc2 18. b4 Nb3 19. Ra2 Nxc1 20. Rxc2 Nxe2+
21. Rxe2 Nh5 22. Qg4 Nxf4 23. Nxf7 Qxf7 24. Rxe8+ Rxe8 25. g3 Qe6 26. Qd1 Nd5 27. Nxd5 cxd5 28. Qd3 Qe3+ 29. Qxe3 Rxe3 30. Rd1 Rxa3
31. Rxd5 Bxb4
0-1

[Event "Swiss System, Round 1"]
[Site "SchemingMind.com"]
[Date "2012.08.15"]
[Round "1"]
[White "vetran"]
[Black "lennart"]
[Result "1-0"]
[WhiteCountry "NED"]
[BlackCountry "SWE"]
[WhiteElo "1967"]
[WhiteRD "81"]
[BlackElo "1471"]
[BlackRD "55"]
[GameID "315822"]

1. d4 d5 2. c4 dxc4 3. e3 b5 4. a4 Ba6 5. axb5 Bxb5 6. Nc3 Bd7 7. Bxc4 e6 8. Nf3 Bb4 9. Ne5 Nf6 10. Qf3 c6
11. O-O O-O 12. Rd1 Bxc3 13. bxc3 a5 14. e4 Qc7 15. Bg5 Ne8 16. Be7 f6 17. Nxd7 Qxd7 18. Bxf8 Kxf8 19. Qh3 h6 20. Bxe6 Qe7
21. d5 c5 22. Qf5 g6 23. Qxg6 Ng7 24. Qxh6 Ke8 25. Rab1
1-0

[Event "Swiss System, Round 1"]
[Site "SchemingMind.com"]
[Date "2012.08.12"]
[Round "1"]
[White "James Reed"]
[Black "lawyertheologian"]
[Result "0-1"]
[WhiteCountry "ENG"]
[BlackCountry "USA"]
[WhiteElo "1535"]
[WhiteRD "70"]
[BlackElo "2015"]
[BlackRD "86"]
[GameID "315823"]

1. e4 Nf6 2. e5 Nd5 3. d4 d6 4. Nf3 Bg4 5. c4 Nb6 6. Be2 dxe5 7. Nxe5 Bxe2 8. Qxe2 Qxd4 9. b3 Qxa1 10. Qb2 Qxb2
11. Bxb2 N8d7 12. O-O Nxe5 13. Rd1 Nbd7 14. h3 O-O-O 15. Re1 Nd3 16. Re2 e5 17. Bd4 exd4 18. Nd2 Bc5 19. a3 Bxa3
0-1

[Event "Swiss System, Round 1"]
[Site "SchemingMind.com"]
[Date "2012.08.10"]
[Round "1"]
[White "NYNH"]
[Black "Clem"]
[Result "1-0"]
[WhiteCountry "USA"]
[BlackCountry "USA"]
[WhiteElo "2015"]
[WhiteRD "65"]
[BlackElo "1466"]
[BlackRD "70"]
[GameID "315824"]

1. d4 d5 2. Nf3 Nf6 3. c4 e6 4. g3 Nc6 5. Bg2 Be7 6. O-O O-O 7. b3 b6 8. Bb2 Bb7 9. Nbd2 h6 10. e3 a6
11. Ne1 b5 12. Nd3 Nb4 13. Ne5 bxc4 14. bxc4 dxc4 15. Bxb7 Rb8 16. Bg2 Nbd5 17. Ndxc4 Qe8 18. Ba3 Nc3 19. Qc2 Ncd5 20. Bxe7 Nb4
21. Bxb4 Rxb4 22. Na5 Qb5 23. Nac6 Ra4 24. Rfb1
1-0

[Event "Swiss System, Round 1"]
[Site "SchemingMind.com"]
[Date "2012.08.10"]
[Round "1"]
[White "samprabhur"]
[Black "Ronald R. Nurmi"]
[Result "1-0"]
[WhiteCountry "USA"]
[BlackCountry "USA"]
[WhiteElo "1948"]
[WhiteRD "133"]
[BlackElo "1958"]
[BlackRD "89"]
[GameID "315825"]

1. e4 d5 2. exd5 Qxd5 3. Nc3 Qd6 4. d4 Nf6 5. Nf3 c6 6. Ne5 Nbd7 7. Nc4 Qc7 8. Qf3 Nb6 9. Bf4 Qd8 10. Be5 Bg4
11. Qg3 h5 12. h3 h4 13. Qf4 Be6 14. Ne3 Nbd5 15. Ncxd5 Nxd5 16. Nxd5 Qxd5 17. c4 Qa5+ 18. Qd2 Qxd2+ 19. Kxd2 f6 20. Bh2 O-O-O
21. Kc3 Bf5 22. Be2 e6 23. Rad1 Bd6 24. Bxd6 Rxd6 25. Bd3 Bxd3 26. Rxd3 Re8 27. Re1 Kc7 28. Rde3 g5 29. c5 Rd7 30. Rxe6 Rxe6
31. Rxe6 Rf7 32. a4 Kd7 33. Rd6+ Kc7 34. b4 a6 35. b5 axb5 36. axb5 Rf8 37. Kc4 Rf7 38. d5
1-0

[Event "Swiss System, Round 1"]
[Site "SchemingMind.com"]
[Date "2012.08.10"]
[Round "1"]
[White "thefriediceman"]
[Black "kynoceros"]
[Result "1-0"]
[WhiteCountry "USA"]
[BlackCountry "USA"]
[WhiteElo "1969"]
[WhiteRD "87"]
[BlackElo "1399"]
[BlackRD "96"]
[GameID "315826"]

1. e4 e5 2. Nf3 Nc6 3. Bc4 Nf6 4. d3 Bc5 5. c3 d6 6. b4 Bb6 7. a4 a5 8. b5 Ne7 9. h3 c6 10. bxc6 bxc6
11. O-O h6 12. Nbd2 Ng6 13. Bb3 O-O 14. Nc4 Ba7 15. Ba3 c5 16. Re1 Rb8 17. Bc2 Be6 18. Nfd2 d5 19. exd5 Bxd5 20. Nxe5 Nxe5
21. Rxe5 Re8 22. Qe2 Qd6 23. Re1 Rxe5 24. Qxe5 Qxe5 25. Rxe5 Bc6 26. Nc4 Rd8 27. Nxa5 Rd5 28. Nxc6
1-0

[Event "Swiss System, Round 1"]
[Site "SchemingMind.com"]
[Date "2012.08.11"]
[Round "1"]
[White "Carl Lenox"]
[Black "flammablepawn"]
[Result "0-1"]
[WhiteCountry "CAN"]
[BlackCountry "USA"]
[WhiteElo "1361"]
[WhiteRD "73"]
[BlackElo "1880"]
[BlackRD "92"]
[GameID "315827"]

1. e4 e6 2. d4 d5 3. Nc3 Nf6 4. e5 Nfd7 5. f4 c5 6. Nf3 Nc6 7. Be3 cxd4 8. Nxd4 Bc5 9. Qd2 Nxd4 10. Bxd4 O-O
11. Be2 b6 12. g4 Qh4+ 13. Kd1 Bb7 14. Qe3 Qe7 15. Kd2 Bxd4 16. Qxd4 Qc5 17. Qxc5 bxc5 18. Rad1 d4 19. Nb5 Bxh1 20. Rxh1 a6
21. Nd6 Nb6 22. h4 Nd5 23. f5 Rfb8 24. b3 Nc3 25. Bf3 Ra7 26. g5 exf5 27. Nxf5 Nxa2 28. h5 g6 29. Nh6+ Kg7 30. Be4 Nc3
31. Bd3 Nd5 32. Ng4 Nf4 33. h6+ Kh8 34. Bc4 Rf8 35. Ra1 Nh3 36. c3 dxc3+ 37. Kxc3 Nxg5 38. b4 cxb4+ 39. Kxb4 a5+ 40. Ka4 Rb8
41. Ka3 Rb4
0-1

[Event "Swiss System, Round 1"]
[Site "SchemingMind.com"]
[Date "2012.08.10"]
[Round "1"]
[White "spoke"]
[Black "Roger Martindale"]
[Result "1-0"]
[WhiteCountry "GER"]
[BlackCountry "USA"]
[WhiteElo "1774"]
[WhiteRD "65"]
[BlackElo "1383"]
[BlackRD "98"]
[GameID "315828"]

1. e4 e5 2. Nf3 d6 3. d4 Bd7 4. dxe5 Nc6 5. exd6 cxd6 6. Nc3 h6 7. Bc4 Qe7 8. O-O Nf6 9. Bf4 g5 10. Bg3 Nh5
11. Nd4 Nxg3 12. Nxc6 Bxc6 13. fxg3 f6 14. Qh5+ Kd7 15. Qg4+ Kc7 16. Nd5+ Bxd5 17. exd5 Qf7 18. Qf5 a6 19. Qxf6 Qxf6 20. Rxf6 b5
21. Rf7+ Kb6 22. Bd3 Ra7 23. Raf1 Kc5 24. Rxa7 Kb6 25. Raf7
1-0

[Event "Swiss System, Round 1"]
[Site "SchemingMind.com"]
[Date "2012.08.10"]
[Round "1"]
[White "VLNT_1"]
[Black "e_castle3"]
[Result "0-1"]
[WhiteCountry "USA"]
[BlackCountry "PHI"]
[WhiteElo "1261"]
[WhiteRD "85"]
[BlackElo "1838"]
[BlackRD "62"]
[GameID "315829"]

1. Nc3 e5 2. b3 d5 3. Bb2 Nc6 4. e3 Nf6 5. Qf3 Bg4 6. Qg3 h5 7. f3 h4 8. Qf2 Bd7 9. O-O-O Bb4 10. Nb5 a6
11. Nxc7+ Qxc7 12. g3 Bd6 13. gxh4 Nb4 14. e4 Qxc2#
0-1

[Event "Swiss System, Round 1"]
[Site "SchemingMind.com"]
[Date "2012.08.25"]
[Round "1"]
[White "Odinson"]
[Black "ampp"]
[Result "1-0"]
[WhiteCountry "USA"]
[BlackCountry "POR"]
[WhiteElo "1659"]
[WhiteRD "74"]
[BlackElo "1231"]
[BlackRD "83"]
[GameID "316509"]

1. e4 d6 2. f4 Nf6 3. Nc3 g6 4. Nf3 Bg7 5. Bc4 h6 6. O-O e6 7. d3 a6 8. a3 b5 9. Ba2 c5 10. f5 Nbd7
11. Bf4 Bf8 12. fxg6 fxg6 13. Qe1 Bg7 14. Bxd6 Bf8 15. Bxf8 Nxf8 16. Kh1 Bb7 17. Ne5 Qd6 18. Qg3 b4 19. axb4 cxb4 20. Rxf6 Bc8
21. Rxf8+ Rxf8 22. Qxg6+ Kd8 23. Nf7+
1-0

[Event "Swiss System, Round 2"]
[Site "SchemingMind.com"]
[Date "2012.09.19"]
[Round "2"]
[White "John Galvin"]
[Black "Marco_M"]
[Result "1-0"]
[WhiteCountry "USA"]
[BlackCountry "ITA"]
[WhiteElo "2314"]
[WhiteRD "69"]
[BlackElo "2212"]
[BlackRD "93"]
[GameID "317763"]

1. e4 e6 2. d4 d5 3. Nd2 dxe4 4. Nxe4 Bd7 5. Nf3 Bc6 6. Bd3 Nd7 7. O-O Ngf6 8. Ng3 Be7 9. c3 O-O 10. Re1 Bxf3
11. Qxf3 c6 12. a3 Qc7 13. Ne4 Nxe4 14. Rxe4 Rfe8 15. Qh3 Nf8 16. Bd2 c5 17. dxc5 Qxc5 18. Be3 Qc6 19. Qh5 Red8 20. Rc4 Qd5
21. Qxd5 Rxd5 22. Be2 Rd7 23. Rd1 Rxd1+ 24. Bxd1 Rd8 25. Bb3 b6 26. Kf1 Bd6 27. Rd4 Bc7 28. Rxd8 Bxd8 29. Ke2 Nd7 30. Ba4 Ne5
31. f4 Nc4 32. Bc1 Bf6 33. Kd3 Nd6 34. c4 Kf8 35. b4 Nb7 36. Be3 Be7 37. g3 Bd6 38. Bc6 Nd8 39. Bb5 Ke7 40. c5 Bc7
41. Kc4 f6 42. Ba4
1-0

[Event "Swiss System, Round 2"]
[Site "SchemingMind.com"]
[Date "2012.09.15"]
[Round "2"]
[White "jpetric"]
[Black "Andreas Flato"]
[Result "0-1"]
[WhiteCountry "USA"]
[BlackCountry "GER"]
[WhiteElo "1565"]
[WhiteRD "81"]
[BlackElo "1837"]
[BlackRD "86"]
[GameID "317764"]

1. e4 f5 2. Nc3 d6 3. g3 Nf6 4. Qf3 fxe4 5. Nxe4 Nbd7 6. d4 h6 7. Nh3 e5 8. c3 Be7 9. Qf5 Nf8 10. Qf3 N8d7
11. Bd2 O-O 12. Bd3 d5 13. Nxf6+ Nxf6 14. Qe2 e4 15. Bc2 Bxh3 16. f3 exf3 17. Qxf3 Ng4 18. Qd3 Nf6 19. O-O-O Bg2 20. Rhg1 Be4
21. Qe2 Bxc2 22. Kxc2 Ne4 23. Bf4 c6 24. h4 Bxh4 25. gxh4 Rxf4 26. Qh5 Qxh4 27. Rxg7+ Kxg7 28. Rg1+ Ng5 29. Qd1 Rf2+ 30. Kb3 Qh2
31. Qc1 Rxb2+ 32. Qxb2 Qxb2+ 33. Kxb2 Re8 34. Kb3 b6 35. a4 Kg6 36. c4 Re3+ 37. Kb4 a5#
0-1

[Event "Swiss System, Round 2"]
[Site "SchemingMind.com"]
[Date "2012.09.15"]
[Round "2"]
[White "jbgood"]
[Black "James Reed"]
[Result "1-0"]
[WhiteCountry "CAN"]
[BlackCountry "ENG"]
[WhiteElo "1706"]
[WhiteRD "89"]
[BlackElo "1562"]
[BlackRD "60"]
[GameID "317765"]

1. e4 c5 2. Bc4 e6 3. Nf3 Nc6 4. d3 Nf6 5. Bf4 d5 6. exd5 exd5 7. Bb5 h6 8. Ne5 Bd7 9. Nc3 a6 10. Ba4 Qb6
11. Bb3 Be7 12. O-O Be6 13. Qf3 Bd6 14. Nxc6 Qxc6 15. Rfe1 O-O 16. a4 Qc7 17. Ne2 Nh5 18. Bxd6 Qxd6 19. Qxh5 f6 20. c3 Bf7
21. Qf5 Be6 22. Qg6 Bf7 23. Qg4 Qe6 24. Qg3 Bh5 25. Nf4 Qf5 26. Bxd5+ Kh8 27. Be4 Qg5 28. Qxg5 fxg5 29. Nxh5 Rab8 30. Bd5 g6
31. Ng3 Rfd8 32. c4 b6 33. Re7 h5 34. Ne4 g4 35. Nf6 Rf8 36. Rh7#
1-0